[Event "Titled Tuesday intern op 06th Feb Early"]
[Site "Chess.com INT"]
[Date "2024.02.06"]
[Round "7"]
[White "Mrudul, Dehankar"]
[Black "Sharapov, Evgeny"]
[Result "1/2-1/2"]
[WhiteElo "1968"]
[BlackElo "2375"]
[PlyCount "112"]
[EventDate "2024.02.06"]
[EventType "swiss (blitz)"]
[EventRounds "11"]
[EventCountry "USA"]
[SourceTitle "CB07_2024"]
[SourceDate "2024.02.14"]
[SourceVersion "1"]
[SourceVersionDate "2024.02.14"]
[SourceQuality "1"]

1. e4 c5 2. Nf3 d6 3. d4 cxd4 4. Nxd4 Nf6 5. Nc3 Nc6 6. Bg5 e6 7. Qd2 Be7 8. 0-0-0 0-0 9. Ndb5 Qa5 10. Bxf6 Bxf6 11. Nxd6 Bxc3 12. Qxc3 Qxa2 13. Bc4 Qa1+ 14. Kd2 Qa5 15. Qxa5 Nxa5 16. Ke3 Nxc4+ 17. Nxc4 b6 18. b3 Bb7 19. Rd7 Bc6 20. Rc7 Rfc8 21. Rxc8+ Rxc8 22. Ra1 Rc7 23. Ne5 Be8 24. c4 Kf8 25. Nd3 Ke7 26. e5 a5 27. f3 Bc6 28. Nf2 Rd7 29. Rd1 Rxd1 30. Nxd1 f6 31. Kd4 Kd7 32. Ne3 Bb7 33. Nc2 Bc6 34. Ne3 a4 35. bxa4 Bxa4 36. Ng4 Ke7 37. Nf2 Bc2 38. Kc3 Bf5 39. Kd4 Kd7 40. Nd1 Kc6 41. f4 fxe5+ 42. fxe5 h6 43. Ne3 Bg6 44. h4 Bh5 45. g4 Bg6 46. Ng2 Kd7 47. Nf4 Bf7 48. g5 hxg5 49. hxg5 Ke7 50. Kc3 Be8 51. Kb4 Bc6 52. g6 Kd7 53. Ne2 Be4 54. Nf4 Bc6 55. Nh5 Be4 56. Nf4 Bc6 1/2-1/2

[Event "Titled Tuesday intern op 16th Jan Early"]
[Site "Chess.com INT"]
[Date "2024.01.16"]
[Round "7"]
[White "Mrudul, Dehankar"]
[Black "Khamdamova, Afruza"]
[Result "0-1"]
[WhiteElo "1968"]
[BlackElo "2327"]
[PlyCount "62"]
[EventDate "2024.01.16"]
[EventType "swiss (blitz)"]
[EventRounds "11"]
[EventCountry "USA"]
[SourceTitle "CB04_2024"]
[SourceDate "2023.10.16"]
[SourceVersion "1"]
[SourceVersionDate "2023.10.16"]
[SourceQuality "1"]

1. e4 e5 2. Nf3 Nc6 3. Bb5 a6 4. Ba4 Nf6 5. 0-0 Be7 6. Re1 b5 7. Bb3 d6 8. c3 0-0 9. d4 Bg4 10. Be3 Re8 11. h3 Bh5 12. Nbd2 exd4 13. cxd4 Na5 14. Bc2 c5 15. b3 Nc6 16. g4 Bg6 17. d5 Nb4 18. Bb1 c4 19. a3 Nd3 20. Bxd3 cxd3 21. Bd4 Bf8 22. Bxf6 Qxf6 23. Re3 Rac8 24. Qf1 Rc3 25. Rae1 Qf4 26. Rxd3 Rc2 27. Rde3 h5 28. Qd3 Rec8 29. Nd4 R2c3 30. Qxc3 Rxc3 31. Rxc3 Qxd2 0-1

[Event "Titled Tuesday intern op 09th Jan Early"]
[Site "Chess.com INT"]
[Date "2024.01.09"]
[Round "8"]
[White "Biriukov, Ilja"]
[Black "Mrudul, Dehankar"]
[Result "0-1"]
[WhiteElo "2311"]
[BlackElo "1968"]
[PlyCount "102"]
[EventDate "2024.01.09"]
[EventType "swiss (blitz)"]
[EventRounds "11"]
[EventCountry "USA"]
[SourceTitle "CB03_2024"]
[SourceDate "2024.01.17"]
[SourceVersion "1"]
[SourceVersionDate "2024.01.17"]
[SourceQuality "1"]

1. d4 Nf6 2. Nc3 d5 3. Bf4 Bf5 4. Qd2 c6 5. 0-0-0 e6 6. f3 Nbd7 7. g4 Bg6 8. h4 h6 9. e3 Bb4 10. a3 Ba5 11. Bd3 Bxd3 12. Qxd3 b5 13. Nge2 b4 14. Nb1 Qb6 15. a4 c5 16. Qb5 Qxb5 17. axb5 c4 18. c3 b3 19. Na3 Kd8 20. g5 Nh5 21. Bd6 Bc7 22. Bb4 Nb6 23. e4 Kd7 24. e5 Nc8 25. f4 g6 26. Rdg1 Bd8 27. Ng3 Be7 28. Nxh5 gxh5 29. Bxe7 Nxe7 30. gxh6 Nf5 31. Rg7 Nxg7 32. hxg7 Rhg8 33. Rg1 Ke7 34. Rg5 f6 35. Rxh5 Rxg7 36. Kd2 Rag8 37. Ke3 Rg3+ 38. Ke2 Rg2+ 39. Ke1 fxe5 40. fxe5 Rxb2 41. Rh7+ Kf8 42. Kf1 Rg7 43. Rh8+ Kf7 44. Ra8 Kg6 45. Re8 Kf5 46. Rf8+ Ke4 47. b6 axb6 48. h5 Ra2 49. Nxc4 dxc4 50. h6 b2 51. hxg7 b1Q# 0-1

[Event "Titled Tuesday intern op 09th Jan Early"]
[Site "Chess.com INT"]
[Date "2024.01.09"]
[Round "7"]
[White "Mrudul, Dehankar"]
[Black "Quirke, Jeffrey"]
[Result "0-1"]
[WhiteElo "1968"]
[BlackElo "1986"]
[PlyCount "96"]
[EventDate "2024.01.09"]
[EventType "swiss (blitz)"]
[EventRounds "11"]
[EventCountry "USA"]
[SourceTitle "CB03_2024"]
[SourceDate "2024.01.17"]
[SourceVersion "1"]
[SourceVersionDate "2024.01.17"]
[SourceQuality "1"]

1. e4 e6 2. d4 d5 3. e5 c5 4. c3 Nc6 5. Nf3 Nge7 6. Bd3 cxd4 7. cxd4 Nf5 8. Be3 Qb6 9. Qd2 Bd7 10. Nc3 Nxe3 11. fxe3 Be7 12. 0-0 0-0 13. Rac1 f6 14. exf6 Bxf6 15. Na4 Qd8 16. Nc5 e5 17. Nxb7 Qb6 18. Nc5 Bg4 19. dxe5 Nxe5 20. Nxe5 Bxe5 21. Bb1 Rxf1+ 22. Kxf1 Rd8 23. Qd3 g6 24. Kg1 Qxb2 25. Re1 Bf5 26. Qb3 Qxb3 27. Nxb3 Be4 28. Bxe4 dxe4 29. Re2 Rd3 30. Kf2 Bc7 31. g3 Bb6 32. Nc1 Rd1 33. Nb3 a5 34. Nd2 a4 35. Nxe4 a3 36. Nc3 Rc1 37. Nd5 Bc5 38. Kf3 Ra1 39. Ke4 Rb1 40. Kd3 Rb2 41. Nc3 Rxe2 42. Kxe2 Kf7 43. Kd3 Ke6 44. Ne4 Be7 45. Nd2 Ke5 46. Nc4+ Kf5 47. e4+ Kg4 48. Ne3+ Kh3 0-1

[Event "IND-ch U19 Girls"]
[Site "Ahmedabad"]
[Date "2023.09.20"]
[Round "1"]
[White "Sananda, R."]
[Black "Mrudul, Dehankar"]
[Result "0-1"]
[WhiteElo "1386"]
[BlackElo "2059"]
[PlyCount "62"]
[EventDate "2023.09.20"]
[EventType "swiss"]
[EventRounds "11"]
[EventCountry "IND"]
[SourceTitle "EXT 2024"]
[Source "ChessBase"]
[SourceDate "2023.10.10"]
[SourceVersion "1"]
[SourceVersionDate "2023.10.10"]
[SourceQuality "1"]

1. e4 c6 2. d4 d5 3. e5 Bf5 4. Nf3 e6 5. h3 Nd7 6. Bd3 Bxd3 7. Qxd3 Ne7 8. 0-0 h6 9. c3 c5 10. Be3 Nc6 11. Nbd2 Be7 12. Nh2 Qb6 13. b3 cxd4 14. Bxd4 Ndxe5 15. Bxe5 Nxe5 16. Qg3 Ng6 17. Ng4 Bd6 18. Qf3 0-0 19. c4 f5 20. Ne3 d4 21. Nc2 e5 22. Qd5+ Kh8 23. b4 Nf4 24. Qf3 e4 25. Qb3 Be5 26. c5 Qg6 27. g3 d3 28. Nc4 Ne2+ 29. Kh2 Bxg3+ 30. Kh1 Qh5 31. Kg2 Qf3# 0-1

[Event "Asia-ch Blitz U20 Girls"]
[Site "Jamshedpur"]
[Date "2023.09.15"]
[Round "2"]
[White "Poorvi, Rajpoot"]
[Black "Mrudul, Dehankar"]
[Result "0-1"]
[WhiteElo "1429"]
[BlackElo "2139"]
[PlyCount "48"]
[EventDate "2023.09.15"]
[EventType "swiss (blitz)"]
[EventRounds "9"]
[EventCountry "IND"]
[SourceTitle "EXT 2024"]
[Source "ChessBase"]
[SourceDate "2023.10.10"]
[SourceVersion "1"]
[SourceVersionDate "2023.10.10"]
[SourceQuality "1"]

1. e4 d5 2. exd5 Nf6 3. d4 Bg4 4. Be2 Bxe2 5. Nxe2 Qxd5 6. 0-0 Nc6 7. c3 0-0-0 8. Qb3 Qe4 9. Ng3 Qg6 10. f4 e6 11. Nd2 h5 12. f5 exf5 13. Nxf5 h4 14. Nc4 Rh5 15. Nfe3 h3 16. g3 Ne4 17. Ne5 Nxe5 18. dxe5 Rxe5 19. Qxf7 Qc6 20. Qf3 Bc5 21. Kh1 Rf8 22. Qg4+ Kb8 23. Rxf8+ Bxf8 24. Qf3 Nf2+ 0-1

[Event "Titled Tuesday intern op 29th Aug Early"]
[Site "Chess.com INT"]
[Date "2023.08.29"]
[Round "5"]
[White "Mrudul, Dehankar"]
[Black "Kuznetsov, Mikhail V"]
[Result "0-1"]
[WhiteElo "2059"]
[BlackElo "2246"]
[PlyCount "64"]
[EventDate "2023.08.29"]
[EventType "swiss (blitz)"]
[EventRounds "11"]
[EventCountry "USA"]
[SourceTitle "EXT 2024"]
[Source "ChessBase"]
[SourceDate "2023.10.10"]
[SourceVersion "1"]
[SourceVersionDate "2023.10.10"]
[SourceQuality "1"]

1. e4 c6 2. d4 d5 3. Nd2 dxe4 4. Nxe4 Nf6 5. Ng3 h5 6. h4 Bg4 7. Be2 e6 8. Nf3 Nbd7 9. Bf4 Nd5 10. Bg5 Qa5+ 11. c3 Bd6 12. Ne4 Bf4 13. g3 Bxg5 14. Nfxg5 Bxe2 15. Qxe2 Qc7 16. 0-0-0 N7f6 17. Nc5 0-0-0 18. Nd3 Ng4 19. c4 Nb6 20. f3 Nh6 21. Ne5 Rhe8 22. Ne4 f6 23. Ng6 Qf7 24. Nf4 Nf5 25. d5 exd5 26. cxd5 Nxd5 27. Kb1 Nxg3 28. Qc4 Nf5 29. Nxd5 Rxd5 30. Rc1 Qd7 31. Nc5 Qc7 32. Rhe1 Rxe1 0-1

[Event "Titled Tuesday intern op 29th Aug Early"]
[Site "Chess.com INT"]
[Date "2023.08.29"]
[Round "8"]
[White "Mrudul, Dehankar"]
[Black "Vivaan, Vishal Shah"]
[Result "0-1"]
[WhiteElo "2059"]
[BlackElo "2047"]
[PlyCount "48"]
[EventDate "2023.08.29"]
[EventType "swiss (blitz)"]
[EventRounds "11"]
[EventCountry "USA"]
[SourceTitle "EXT 2024"]
[Source "ChessBase"]
[SourceDate "2023.10.10"]
[SourceVersion "1"]
[SourceVersionDate "2023.10.10"]
[SourceQuality "1"]

1. e4 c5 2. Nf3 d6 3. d4 cxd4 4. Nxd4 Nf6 5. Nc3 g6 6. Be3 Bg7 7. f3 0-0 8. Bc4 Nc6 9. Qd2 Bd7 10. h4 h5 11. 0-0-0 Rc8 12. Bb3 Ne5 13. Bh6 a5 14. Bxg7 Kxg7 15. g4 a4 16. Nxa4 Bxa4 17. Bxa4 Nc4 18. Qg5 Rc5 19. Nf5+ Kg8 20. gxh5 Nxh5 21. Rhg1 e6 22. Qxh5 Qf6 23. Rd4 exf5 24. Rgd1 gxh5 0-1

[Event "Titled Tuesday intern op 22nd Aug Early"]
[Site "Chess.com INT"]
[Date "2023.08.22"]
[Round "3"]
[White "Horobetz, Graham"]
[Black "Mrudul, Dehankar"]
[Result "1-0"]
[WhiteElo "2140"]
[BlackElo "2059"]
[PlyCount "133"]
[EventDate "2023.08.22"]
[EventType "swiss (blitz)"]
[EventRounds "11"]
[EventCountry "USA"]
[SourceTitle "EXT 2024"]
[Source "ChessBase"]
[SourceDate "2023.10.10"]
[SourceVersion "1"]
[SourceVersionDate "2023.10.10"]
[SourceQuality "1"]

1. e4 c6 2. d4 d5 3. Nc3 dxe4 4. Nxe4 Nf6 5. Nxf6+ exf6 6. c3 Bd6 7. Bd3 0-0 8. Qc2 Re8+ 9. Ne2 h5 10. 0-0 h4 11. h3 Nd7 12. Bd2 Nf8 13. Rae1 Bc7 14. Qc1 Ng6 15. Nf4 Nxf4 16. Bxf4 Be6 17. a3 Bd6 18. Bxd6 Qxd6 19. Re4 g5 20. f4 Bd5 21. Rxe8+ Rxe8 22. Qd2 Qe7 23. Kf2 Qd6 24. Kg1 Qe7 25. c4 Qe3+ 26. Qxe3 Rxe3 27. Rd1 Be6 28. Kf2 Rg3 29. f5 Bd7 30. Be4 Kf8 31. d5 c5 32. d6 g4 33. hxg4 Rxg4 34. Bxb7 Rxc4 35. Rd2 Rf4+ 36. Ke3 Rxf5 37. Be4 Re5 38. Kf4 Ke8 39. Rd5 Rxd5 40. Bxd5 Be6 41. Bc6+ Kd8 42. b4 cxb4 43. axb4 Bd7 44. Bf3 Be6 45. Bc6 Bd7 46. b5 Be6 47. Ke3 Bd7 48. Kd4 Be6 49. Kc5 h3 50. gxh3 Bxh3 51. Kb4 Bc8 52. Kc5 f5 53. Bd5 f6 54. Kc6 Bd7+ 55. Kc5 Bc8 56. Bf3 Bd7 57. Be2 f4 58. Kd5 Bf5 59. Kc6 Bd7+ 60. Kb7 f3 61. Bf1 f2 62. Kxa7 Bc8 63. b6 Kd7 64. Kb8 Kxd6 65. Kxc8 Kc6 66. b7 Kc5 67. b8Q 1-0

[Event "Titled Tuesday intern op 22nd Aug Early"]
[Site "Chess.com INT"]
[Date "2023.08.22"]
[Round "10"]
[White "Mrudul, Dehankar"]
[Black "Hoffmann, Asa"]
[Result "0-1"]
[WhiteElo "2059"]
[BlackElo "2185"]
[PlyCount "114"]
[EventDate "2023.08.22"]
[EventType "swiss (blitz)"]
[EventRounds "11"]
[EventCountry "USA"]
[SourceTitle "EXT 2024"]
[Source "ChessBase"]
[SourceDate "2023.10.10"]
[SourceVersion "1"]
[SourceVersionDate "2023.10.10"]
[SourceQuality "1"]

1. e4 d6 2. d4 Nf6 3. Nc3 c6 4. Nf3 Bg4 5. h3 Bh5 6. Bd3 e6 7. Be3 d5 8. e5 Nfd7 9. g4 Bg6 10. h4 c5 11. h5 Bxd3 12. Qxd3 h6 13. Ne2 cxd4 14. Nexd4 Nc6 15. Qb5 Qc7 16. 0-0-0 Rc8 17. Kb1 Be7 18. c3 a6 19. Qa4 Nb6 20. Qb3 Nc4 21. Rhe1 N6a5 22. Qc2 b5 23. Nb3 Nb7 24. Bd4 a5 25. Nbd2 a4 26. Nxc4 Qxc4 27. Qe2 b4 28. Qxc4 Rxc4 29. Re2 Kd7 30. Nd2 Rc6 31. Nf1 Rhc8 32. Ne3 Na5 33. Nc2 bxc3 34. Bxc3 Nc4 35. Nd4 Rb6 36. f4 Rcb8 37. Ka1 Bc5 38. f5 a3 39. b3 Nb2 40. Bxb2 axb2+ 41. Kxb2 Rb4 42. Red2 Ra8 43. a3 Rb7 44. b4 Bxd4+ 45. Rxd4 Rc8 46. Kb3 Rbc7 47. R1d3 Rc1 48. b5 Rb1+ 49. Ka2 Rxb5 50. a4 Rb7 51. Ka3 Rc1 52. Rd2 Kc6 53. R4d3 Rc4 54. Ra2 Ra7 55. a5 Rxa5+ 56. Kb3 Rxa2 57. Kxa2 d4 0-1